Las tandas de penaltis de la Selección española - Estadísticas

Estadísticas generales
  • Esta prueba ha sido intentada 357 veces
    121 desde el último reinicio
  • La puntuación promedio es 8 de 13
Estadísticas de respuestas
Competición Edición Fase Resultado Adversario % Correcto
Copa del Mundo 2022 1/8 0 - 3 Marruecos
92%
Liga de Naciones de la UEFA 2025 Final 3-5 Portugal
92%
Eurocopa 2020 1/2 2 - 4 Italia
85%
Copa del Mundo 2018 1/8 3 - 4 Rusia
85%
Copa del Mundo 2002 1/4 3 - 5 Corea del Sur
80%
Eurocopa 2008 1/4 4 - 2 Italia
77%
Liga de Naciones de la UEFA 2023 Final 5-4 Croacia
70%
Eurocopa 2012 1/2 4 - 2 Portugal
68%
Eurocopa 2020 1/4 3 - 1 Suiza
64%
Eurcopa 1996 1/4 2 - 4 Inglaterra
35%
Copa del Mundo 2002 1/8 3 - 2 Irlanda
29%
Copa del Mundo 1986 1/4 4 - 5 Bélgica
24%
Eurocopa 1984 1/2 5 - 4 Dinamarca
12%
No se encontraron pruebas coincidentes
Distribución de puntuación
Porcentaje de gente con cada puntuación
Porcentaje por número respondido
Historial de tus puntuaciones
No has intentado esta prueba desde el último reinicio